[Event "Ch Germany (seniors) (open)"]
[Site "masterchessopen.com - Bad Wiessee (Germany)"]
[Round "4"]
[White "Lainburg Victor (GER)"]
[Black "Panic Milislav (GER)"]
[Result "0-1"]
[WhiteElo "2219"]
[BlackElo "2164"]

1.Nf3 d5 2.c4 c6 3.b3 Nf6 4.Bb2 Bf5 5.Nh4 Bc8 6.g3 Nbd7 7.Bg2 e5 8.cxd5 Nxd5
9.O-O Bc5 10.Na3 O-O 11.Nc2 Re8 12.d4 exd4 13.Nxd4 Ne5 14.h3 Be7 15.Nhf5 Bf6
16.e4 Ne7 17.Nxe7+ Rxe7 18.Qc2 Rd7 19.Ne2 Rd2 20.Rad1 Rxc2 {#R} 0-1

[Event "It (open)"]
[Site "masterchessopen.com - Groningen (Netherlands)"]
[Round "1"]
[White "Costello Colin (ENG)"]
[Black "Xu Yuanyuan (CHN)"]
[Result "0-1"]
[WhiteElo "2053"]
[BlackElo "2416"]

1.c4 c6 2.Nf3 d5 3.b3 Bf5 4.Bb2 e6 5.g3 Nf6 6.Bg2 Be7 7.O-O O-O 8.d3 a5 9.Nbd2
a4 10.bxa4 Nbd7 11.cxd5 exd5 12.Nd4 Bg6 13.e4 Nc5 14.Qc2 Nxa4 15.Rab1 Nxb2
16.Rxb2 dxe4 17.Rxb7 Qxd4 18.Rxe7 exd3 19.Qxc6 Qb4 20.Qc7 Rac8 {#R} 0-1

[Event "It (open)"]
[Site "masterchessopen.com - Mar del Plata (Argentina)"]
[Round "1"]
[White "Labollita Martin (ARG)"]
[Black "Alegria Gregorio (ARG)"]
[Result "1-0"]
[WhiteElo "2383"]
[BlackElo "1957"]

{ Alegria Gregorio +0 =0 -1 } 1.Nf3 { 1 } 1...d5 2.c4 c6 3.b3 Bf5 4.Bb2 Nf6 (
4...e6 5.g3 Nf6 6.Bg2 Be7 7.O-O O-O 8.d3 Nbd7 9.Nbd2 Re8 10.a3 a5 11.Bc3 Bf8
12.Re1 e5 13.cxd5 Nxd5 14.Bb2 Bg6 15.Nc4 Qc7 16.Rc1 N5b6 17.Nh4 Nxc4 18.Rxc4
Rad8 19.Nxg6 hxg6 20.h4 Bc5 21.Qc2 Qd6 22.Ra4 Bb6 23.Rd1 Nc5 24.Rc4 { ...1-0,
Larsen Bent 2540 - Alegria Gregorio, Mar del Plata 1993 It (open) } ) 5.e3 e6
6.Be2 { = } 6...Nbd7 ( 6...h6 7.d3 Bb4+ 8.Nc3 Nbd7 9.O-O O-O 10.a3 Bd6 11.cxd5
exd5 12.e4 Bh7 13.exd5 Nxd5 14.Nxd5 cxd5 15.Re1 Re8 16.Bf1 Qb6 17.Rxe8+ Rxe8
18.b4 Nf8 19.Qa4 Ra8 20.Rc1 Bf5 21.Qb3 Qd8 22.g3 Be7 23.Nd4 Bg6 24.Ne2 Ne6
25.Bg2 Qb6 26.Nc3 { ...0-1, Bellon Lopez Juan Manuel 2415 - Larsen Bent 2610 ,
Linares 1981 It (cat.13) } ) ( 6...Bd6 7.O-O Nbd7 8.cxd5 exd5 9.d3 O-O 10.Nbd2
h6 11.Qc2 Re8 12.Rfe1 Bh7 13.Rac1 Qc7 14.Bf1 Rac8 15.Qb1 Qb8 16.Qa1 Re7 17.a3
Rce8 18.b4 Ne5 19.Nxe5 Bxe5 20.Nf3 Bxb2 21.Qxb2 Qd6 22.Qd4 b6 23.Qc3 Rc7
24.Nd4 Rec8 25.g3 Qd7 26.Nb3 { ...0-1, Ovsejevitsch Sergei 2320 - Dao Thien
Hai 2565 , Warsaw 1991 Ch World (juniors) } ) 7.O-O ( 7.Nc3 h6 8.O-O Be7
9.cxd5 exd5 10.d3 O-O 11.Re1 Re8 12.Bf1 Bc5 13.h3 Qc7 14.Rc1 Rad8 15.a3 a5
16.Qc2 Bg6 17.Nb1 Bd6 18.Nbd2 Ne5 19.Nd4 Qe7 20.Ra1 Bh7 21.Qc3 Ra8 22.N4f3
Nfd7 23.Nh2 Qf6 24.d4 Ng6 25.Ng4 Qd8 26.e4 h5 { ...1-0, Roos Daniel 2435 -
Beikert Guenther 2390 , Germany 1993 Bundesliga (2nd) South 1992/93 } )
7...Bd6 8.d3 { } ( 8.d4 O-O 9.Nc3 Qe7 10.Nh4 Bg6 11.Nxg6 hxg6 12.f4 c5 13.Nb5
Bb8 14.dxc5 a6 15.Nd4 Nxc5 16.Nf3 Rd8 17.Qc2 Bd6 18.b4 Ncd7 19.c5 Bb8 20.Rfe1
e5 21.Bf1 a5 22.a3 axb4 23.axb4 Rxa1 24.Bxa1 e4 25.Nd4 Rc8 26.Qa2 g5 27.g3
gxf4 { ...1-0, Goric Esad 2368 - Martic Zlatko 2272 , Bosnjaci 2000 It (open)
} ) ( 8.Nh4 Bxb1 9.Rxb1 g5 10.Nf3 Rg8 11.Qc2 Qc7 12.cxd5 Nxd5 13.g3 h5 14.a3
N5f6 15.Rfc1 h4 16.Kg2 O-O-O 17.Nd4 Kb8 18.b4 Rh8 19.Qb3 Be5 20.Nb5 Qb6 21.Nc3
Rh6 22.Na4 Qc7 23.b5 hxg3 24.hxg3 Rdh8 25.Rh1 Rxh1 26.Rxh1 Rxh1 27.Kxh1 Ne4 {
...1/2-1/2, Dittmar Peter 2285 - Schlindwein Rolf 2385 , Germany 1994
Bundesliga (2nd) South 1994/95 } ) 8...Bc7 { N } ( 8...O-O 9.h3 ( 9.Nh4 Bg6
10.Nxg6 hxg6 11.Nd2 e5 12.h3 Qe7 13.a3 e4 14.dxe4 dxe4 15.Qc2 Rad8 16.b4 c5
17.Nb3 b6 18.bxc5 Nxc5 19.Nxc5 Bxc5 20.Qc3 Rfe8 21.Rfd1 Bd6 22.Rd5 Qf8 23.Rg5
Bb8 24.g3 Bd6 25.Kg2 Bc5 26.h4 Nh7 27.Rd5 Rxd5 28.cxd5 { ...0-1, La Barrere
Daniel - Henno Francois, Fouesnant 2002 It (open) } ) 9...e5 10.cxd5 cxd5
11.Nbd2 Qe7 12.Re1 Rac8 13.Bf1 Bg6 14.Nh4 Rfd8 15.Nxg6 hxg6 16.e4 dxe4 17.dxe4
Nh5 18.Qf3 Bb4 19.Red1 Rc2 20.Nc4 Bc5 21.Rd2 Rxd2 22.Nxd2 Nb6 23.Nc4 Nxc4
24.Bxc4 Rd2 25.Bc1 Rxf2 26.Qxf2 Bxf2+ 27.Kxf2 Qh4+ { 0-1, Otte Marco 2065 -
Delander Adolf 2335 , Berlin 1995 It (open) "Berlin Summer" } ) ( 8...Qe7
9.Nbd2 ( 9.cxd5 exd5 10.Nbd2 Ba3 11.Bxa3 Qxa3 12.e4 Bg4 13.Nd4 Bxe2 14.Qxe2
O-O 15.Nf5 Rfe8 { 1/2-1/2, Heinsohn Thomas 2255 - Sprotte Norbert 2210 ,
Germany 1997 Bundesliga (2nd) North 1996/97 } ) 9...h6 10.Qc2 Bh7 11.Rfe1 {
1/2-1/2, Schneider Lars-Ake 2430 - Ermenkov Evgenij 2520 , Yurmala 1978 It } )
( 8...h6 9.e4 ( 9.Nc3 Qe7 10.Re1 O-O 11.cxd5 cxd5 12.Bf1 e5 13.e4 Be6 14.d4
dxe4 15.Nxe4 Nxe4 16.dxe5 Nxe5 17.Rxe4 Nxf3+ 18.Qxf3 Qc7 19.Rc1 Qb8 20.Qc3 {
1-0, Bunzmann Dimitrij 2370 - Heyne Martin 1860 , Passau 1997 It (open) } )
9...dxe4 10.dxe4 Nxe4 11.Bxg7 Rg8 12.Bxh6 Qf6 13.Nbd2 Nc3 14.Qe1 Qxh6 15.Rc1
Bh3 16.g3 Nxe2+ 17.Qxe2 Bxf1 18.Rxf1 O-O-O 19.Ne4 Be7 20.b4 Nf6 21.b5 Nxe4
22.Qxe4 Qg6 23.Qe3 Qd3 24.Qf4 Qf5 25.Qe3 Bc5 26.Qe2 Qd3 27.Qe5 Qxf3 28.Qxc5 {
...0-1, Taimanov Mark E 2439 - Popov Valerij 2578 , St. Petersburg 2001 It
(active) } ) ( 8...Qc7 9.Nbd2 h5 10.Re1 Ng4 11.Nf1 f6 12.Rc1 g5 13.cxd5 exd5
14.Ng3 Bxg3 15.hxg3 h4 16.Nd4 Nxf2 17.Bh5+ Kd8 18.Kxf2 Qxg3+ 19.Kg1 h3 20.Qf3
Qxg2+ 21.Qxg2 hxg2 22.Nxf5 Rxh5 23.Kxg2 Kc7 24.Rh1 Rah8 25.Rxh5 Rxh5 26.Rf1
Nc5 27.Bxf6 Nxd3 28.Ng3 { ...1/2-1/2, Steiner Darko 2250 - Sorl Mihael, Nova
Gorica 2002 It (open) } ) ( 8...a5 9.Nbd2 Nc5 10.Qc2 h6 11.Rad1 Bh7 12.Ne5 Qe7
13.Ndf3 O-O 14.Qb1 Nfd7 15.Nxd7 Nxd7 16.Qa1 e5 17.Rfe1 f6 18.Nh4 a4 19.cxd5
cxd5 20.Qb1 Bb4 21.Rf1 axb3 22.axb3 Nc5 23.g3 Nxb3 24.Bc3 Ra3 25.Bb2 Ra5
26.Bc3 Bxc3 27.Qxb3 Qb4 28.Rb1 { ...0-1, Reichstein Hans-Joerg 2245 - Specht
O, Rheinland-Pfalz 1986 Ch RLP } ) 9.cxd5 exd5 10.Nd4 Bg6 11.Ba3 c5 12.Nb5 Bb8
13.d4 a6 14.N5c3 Ba7 15.dxc5 Nxc5 16.b4 Nce4 { ?! } ( 16...Ne6 { !? } 17.b5 d4
18.bxa6 bxa6 { } ) 17.b5 Rc8 18.Nxe4 Bxe4 { ?! } ( 18...Nxe4 { !? } 19.bxa6
bxa6 20.Qa4+ Qd7 { } ) 19.bxa6 Qa5 { ?! } ( 19...bxa6 { !? } 20.Bxa6 Rb8
21.Nc3 Qa5 { } ) 20.axb7 Rc7 21.Qb3 Nd7 22.Bb5 Rxb7 23.Nc3 Kd8 24.Bb4 Qb6
25.a4 Qg6 26.f3 Bxe3+ 27.Kh1 { } {#r} 1-0

[Event "Ch Spain (juniors) (under 20)"]
[Site "masterchessopen.com - Mondariz (Spain)"]
[Round "3"]
[White "Fluvia Jordi (ESP)"]
[Black "Rodriguez Guerrero Enrique (ESP)"]
[Result "0-1"]
[WhiteElo "2394"]
[BlackElo "2433"]

1.Nf3 d5 2.c4 c6 3.b3 Nf6 4.g3 Qb6 5.Bg2 e5 6.O-O e4 7.Ne1 h5 8.d4 h4 9.Bg5
Qc7 10.cxd5 cxd5 11.Nc3 Be6 12.Rc1 Nc6 13.Bf4 Qd7 14.f3 hxg3 15.Bxg3 Ba3
16.Rc2 Rc8 17.fxe4 Nxd4 18.Rd2 Rxc3 19.Rxd4 Bc5 20.e3 Rxe3 21.Bf2 Ng4 22.Nc2
Qd6 23.e5 Qxe5 24.Re1 Nxf2 25.Kxf2 Rxe1 {#R} 0-1

[Event "Cup Mediteran"]
[Site "masterchessopen.com - Rijeka (Croatia)"]
[Date "2003.09.01"]
[Round "4"]
[White "Sikanjic Bojan (CRO)"]
[Black "Thallinger Harald (AUT)"]
[Result "0-1"]
[WhiteElo "2153"]
[BlackElo "2279"]

1.c4 c6 2.Nf3 d5 3.b3 Bf5 4.Bb2 e6 5.g3 Nf6 6.Bg2 Nbd7 7.O-O Be7 8.d3 O-O
9.Nc3 h6 10.Qc2 Bh7 11.Rac1 Re8 12.Rfe1 Bf8 13.a3 a5 14.e4 Nc5 15.Rcd1 dxe4
16.Nxe4 Nfxe4 17.dxe4 Qb6 18.Re3 Rad8 19.Rxd8 Rxd8 20.h4 f5 21.Nd2 Qc7 22.Re2
Qd7 23.exf5 Bxf5 24.Ne4 Qd1+ 25.Qxd1 Rxd1+ 26.Kh2 Nxb3 27.a4 Bb4 28.Be5 Nc1
29.Ra2 {#R} 0-1

[Event "It"]
[Site "masterchessopen.com - Sao Paulo (Brazil)"]
[Round "5"]
[White "Barrionuevo Alfredo C (ARG)"]
[Black "Martinez Carlos Alejandro (BRA)"]
[Result "0-1"]
[WhiteElo "2080"]
[BlackElo "2393"]

1.Nf3 d5 2.c4 c6 3.b3 dxc4 4.bxc4 e5 5.Bb2 e4 6.Nd4 Nf6 7.Nc2 Bc5 8.Nc3 O-O
9.Na4 Bd6 10.g3 Nbd7 11.Bg2 Qa5 12.Ne3 Re8 13.O-O b5 14.cxb5 cxb5 15.Nc3 Ba6
16.d3 Be5 17.d4 Bd6 18.Qb1 Bb7 19.a4 b4 20.Nc4 Qa6 21.Nb5 Bf8 22.Ne5 Qb6
23.Bh3 Red8 24.Rc1 e3 25.Nc7 exf2+ 26.Kf1 Ne4 27.Qd3 Nxe5 28.Qc2 Qh6 {#R} 0-1

[Event "NRW Klasse 1 2003/04"]
[Site "masterchessopen.com - Germany"]
[Date "2003.12.07"]
[Round "4"]
[White "Beckmann Frank (GER)"]
[Black "Krieg Nikolaj (GER)"]
[Result "0-1"]
[WhiteElo "2146"]
[BlackElo "2228"]

1.c4 c6 2.Nf3 d5 3.b3 Bf5 4.d3 e6 5.Bb2 Nf6 6.g3 Nbd7 7.Bg2 h6 8.O-O Be7
9.Nbd2 O-O 10.Rc1 Re8 11.Qc2 Bh7 12.Qc3 a5 13.a3 Bf8 14.b4 axb4 15.axb4 e5
16.Ra1 Rxa1 17.Rxa1 e4 18.dxe4 dxe4 19.Nd4 e3 20.fxe3 Ne5 21.b5 cxb5 22.Nc2
Neg4 23.Bxb7 Bxc2 24.Qxc2 Qe7 25.Bf3 Qxe3+ 26.Kh1 Qf2 27.Nf1 Re3 28.Nxe3 Qxh2#
0-1

[Event "It (open)"]
[Site "masterchessopen.com - Copenhagen (Denmark)"]
[Date "2004.02.12"]
[Round "6"]
[White "Jensen Soren (DEN)"]
[Black "Nielsen John Holm (DEN)"]
[Result "1-0"]
[WhiteElo "1876"]
[BlackElo "2025"]

1.Nf3 d5 2.c4 c6 3.b3 Nf6 4.Bb2 Bf5 5.g3 e6 6.Bg2 Bd6 7.O-O O-O 8.d3 h6 9.Nbd2
Nbd7 10.Re1 e5 11.cxd5 cxd5 12.e4 dxe4 13.Nxe4 Bxe4 14.dxe4 Bb4 15.Re2 Qe7
16.Rc1 Rac8 17.Nh4 g6 18.Rec2 Rxc2 19.Qxc2 Ba5 20.Qc4 Bb6 21.Nxg6 Bxf2+ 22.Kf1
Qd6 23.Nxf8 Ng4 24.Qe2 Ndf6 25.h3 Be3 26.Rc8 Nh2+ 27.Ke1 Nxe4 28.Qxe3 {#r} 1-0

[Event "Ch Russia (juniors) (under 10)"]
[Site "masterchessopen.com - Dagomys (Russia)"]
[Round "4"]
[White "Shelep Konstantin (RUS)"]
[Black "Bukavshin Ivan (RUS)"]
[Result "1-0"]
[WhiteElo "2005"]
[BlackElo "1994"]

1.Nf3 d5 2.c4 c6 3.b3 Nf6 4.Bb2 e6 5.d3 Bb4+ 6.Nbd2 O-O 7.g3 Nbd7 8.Bg2 Qe7
9.O-O Nb6 10.a3 Bd6 11.b4 Bc7 12.c5 Nbd7 13.Rc1 e5 14.e3 e4 15.dxe4 Nxe4
16.Nxe4 Qxe4 17.Nd4 Qg6 18.b5 Ne5 19.Ba1 Bg4 20.Qb3 Rfb8 21.Qc3 a6 22.f4 Nc4
23.bxc6 Ba5 24.f5 Qh6 25.Qd3 Ne5 {#r} 1-0

[Event "Ch Russia (seniors)"]
[Site "masterchessopen.com - Tula (Russia)"]
[Date "2004.05.10"]
[Round "1"]
[White "Kleimenov Yury (RUS)"]
[Black "Sorokin Valentin (RUS)"]
[Result "0-1"]
[WhiteElo "2207"]
[BlackElo "2388"]

1.Nf3 d5 2.c4 c6 3.b3 Bg4 4.g3 Bxf3 5.exf3 e5 6.Nc3 Nf6 7.Bg2 Bb4 8.O-O O-O
9.cxd5 cxd5 10.Ne2 Nc6 11.d3 Re8 12.f4 Qe7 13.Bb2 e4 14.Nd4 Nxd4 15.Bxd4 Bc5
16.Bxf6 Qxf6 17.dxe4 dxe4 18.Qd5 Bxf2+ 19.Kxf2 Qb6+ 20.Ke2 Rad8 21.Qg5 h6
22.Qh5 g6 23.Qxh6 Qb5+ 24.Kf2 Qc5+ {#R} 0-1

[Event "It (open) (c)"]
[Site "masterchessopen.com - Plzen (Czech Republic)"]
[Round "8"]
[White "Talma K"]
[Black "Hava R"]
[Result "1-0"]
[WhiteElo "1823"]
[BlackElo "1557"]

1.Nf3 d5 2.c4 c6 3.b3 f5 4.g3 Nf6 5.d3 e6 6.Bb2 Bd6 7.Nbd2 Nbd7 8.Bg2 Qc7 9.e3
O-O 10.Qc2 e5 11.O-O-O e4 12.dxe4 fxe4 13.Nd4 Ne5 14.cxd5 Nd3+ 15.Kb1 Nxf2
16.dxc6 Nxh1 17.Bxh1 bxc6 18.Nxe4 Bg4 19.Rc1 Nxe4 20.Bxe4 Kh8 21.Bxh7 Rac8
22.Qg6 Rf6 23.Qxg4 c5 24.Nb5 Qa5 {#r} 1-0

[Event "Ch Poland (team) (2nd liga)"]
[Site "masterchessopen.com - Polanica Zdroj (Poland)"]
[Date "2004.09.10"]
[Round "9"]
[White "Smagalski Slawomir (POL)"]
[Black "Gunajew Rafal (POL)"]
[Result "0-1"]
[WhiteElo "1989"]
[BlackElo "2274"]

1.Nf3 d5 2.c4 c6 3.b3 Bf5 4.g3 Nf6 5.Bg2 h6 6.Bb2 Nbd7 7.d3 e6 8.O-O Be7
9.Nbd2 O-O 10.a3 a5 11.Rc1 Re8 12.Re1 Bh7 13.e4 Nc5 14.Ne5 Qb6 15.exd5 exd5
16.d4 Nd3 17.Nxd3 Bxd3 18.c5 Qc7 19.Re3 Bf5 20.Re5 Qd7 21.Qf1 Ng4 22.Ree1 Bg5
23.Bc3 Bxd2 24.Bxd2 Nf6 25.f3 Rxe1 26.Rxe1 Re8 27.Be3 Re7 28.g4 {#R} 0-1

[Event "Bundesliga B East 2004/05"]
[Site "masterchessopen.com - Austria"]
[Date "2005.01.30"]
[Round "6"]
[White "Vitouch Anatol (AUT)"]
[Black "Hansen Kay (AUT)"]
[Result "1-0"]
[WhiteElo "2194"]
[BlackElo "2191"]

1.Nf3 d5 2.c4 c6 3.b3 Nf6 4.g3 Bf5 5.Bb2 e6 6.Bg2 Be7 7.O-O O-O 8.d3 h6 9.Nbd2
Nbd7 10.a3 a5 11.Qc2 Qb6 12.Bc3 Rfd8 13.Qb2 Bh7 14.b4 axb4 15.axb4 dxc4
16.Nxc4 Qc7 17.Nfe5 Nd5 18.Rxa8 Rxa8 19.Nxd7 Nxc3 20.Qxc3 Ra2 21.Nc5 Rxe2
22.Ra1 Bg6 23.Ra8+ Kh7 24.Bf3 Bf6 25.Qc1 {#r} 1-0

[Event "Ch South Region "]
[Site "masterchessopen.com - Krasnodar (Russia)"]
[Round "0"]
[White "Akbaev Kazbek (RUS)"]
[Black "Piskunov Yury (RUS)"]
[Result "0-1"]
[WhiteElo "2104"]
[BlackElo "2343"]

1.Nf3 d5 2.c4 c6 3.b3 Nf6 4.Bb2 Nbd7 5.d3 e6 6.Nbd2 Bd6 7.g3 O-O 8.Bg2 Qe7
9.O-O Ba3 10.Bc3 a5 11.Nd4 Bb4 12.Bb2 Ba3 13.Qc1 Bxb2 14.Qxb2 g6 15.a3 e5
16.Nc2 Rb8 {#R} 0-1

[Event "Ch France (team) (nat.2) 2004/05"]
[Site "masterchessopen.com - France"]
[Date "2005.02.06"]
[Round "7"]
[White "Olivier Jean-Christophe (FRA)"]
[Black "Zharkov Hleb (FRA)"]
[Result "1-0"]
[WhiteElo "2369"]
[BlackElo "2235"]

1.Nf3 d5 2.c4 c6 3.b3 Bg4 4.Bb2 Nd7 5.d3 e6 6.Nbd2 Ngf6 7.g3 Bc5 8.Bg2 O-O
9.O-O a5 10.a3 b5 11.d4 Bd6 12.Ne5 bxc4 13.Nxg4 Nxg4 14.e4 Nh6 15.bxc4 dxc4
16.Nxc4 Nb6 17.Nxd6 Qxd6 18.Qc2 Rac8 19.Rfc1 Rc7 20.a4 Rb8 21.Bc3 Ra7 22.Rab1
Nd7 23.Rxb8+ Nxb8 24.Bd2 Rb7 25.Bxa5 Qxd4 26.Rd1 {#r} 1-0

[Event "Tournament (Elo)"]
[Site "masterchessopen.com - Stockholm (Sweden)"]
[Date "2005.06.13"]
[Round "3"]
[White "Gustafsson Bjorn (SWE)"]
[Black "Johansson Gunnar (SWE)"]
[Result "0-1"]
[WhiteElo "2064"]
[BlackElo "2276"]

1.c4 c6 2.Nf3 d5 3.b3 dxc4 4.bxc4 e5 5.Nc3 Nd7 6.g3 Ngf6 7.Bg2 Bd6 8.O-O O-O
9.d3 Nc5 10.Qc2 h6 11.Bb2 Bf5 12.Rfd1 Qe7 13.h3 Rad8 14.e4 Bc8 15.d4 exd4
16.Nxd4 Rfe8 17.Nf5 Bxf5 18.exf5 Nfd7 19.Rd2 Nb6 20.f6 Qxf6 21.Nb5 Be5 22.Nc7
Rf8 23.Nd5 cxd5 24.Bxd5 Nxd5 25.cxd5 Bxb2 26.Qxb2 Qxb2 {#R} 0-1

[Event "It (open) (b)"]
[Site "masterchessopen.com - Koszalin (Poland)"]
[Round "4"]
[White "Stanczyk Lech (POL)"]
[Black "Levin Andrey (RUS)"]
[Result "0-1"]
[WhiteElo "2042"]
[BlackElo "2052"]

1.c4 c6 2.b3 d5 3.Nf3 Nf6 4.Bb2 Bf5 5.d3 e6 6.Nbd2 h6 7.h3 Bd6 8.Qc2 Nbd7 9.e4
dxe4 10.dxe4 Bh7 11.Bd3 Nc5 12.O-O Nxd3 13.Qxd3 Bh2+ {#R} 0-1

[Event "It (open)"]
[Site "masterchessopen.com - Senden (Germany)"]
[Date "2005.10.03"]
[Round "3"]
[White "Racherbaeumer Marcel (GER)"]
[Black "Witte Matthias (GER)"]
[Result "1-0"]
[WhiteElo "2242"]
[BlackElo "2059"]

1.Nf3 d5 2.c4 c6 3.b3 Bg4 4.Bb2 e6 5.e3 Nf6 6.h3 Bh5 7.Be2 Nbd7 8.O-O Bd6 9.d4
O-O 10.Nbd2 Qe7 11.Ne5 Bxe2 12.Qxe2 Ne4 13.Nxe4 dxe4 14.Nxd7 Qxd7 15.f3 exf3
16.Qxf3 f5 17.e4 fxe4 18.Qxe4 Bc7 19.Rae1 Rxf1+ 20.Rxf1 Qd6 21.Rf3 Re8 22.Qg4
Re7 23.Qg5 e5 24.Qf5 Qg6 25.Qf8# 1-0

[Event "It (open) (b)"]
[Site "masterchessopen.com - Hamburg (Germany)"]
[Date "2005.10.06"]
[Round "6"]
[White "Cahillane Felix (GER)"]
[Black "Ludwig Jan (GER)"]
[Result "0-1"]
[WhiteElo "1930"]
[BlackElo "2074"]

1.Nf3 d5 2.c4 c6 3.b3 Bf5 4.g3 e6 5.Bb2 Nf6 6.Bg2 Be7 7.O-O Nbd7 8.Nc3 Qb6
9.Na4 Qc7 10.Rc1 O-O 11.e3 Bd3 12.Re1 e5 13.Bf1 Bxf1 14.Kxf1 e4 15.Nd4 Ne5
16.cxd5 Nxd5 17.Nc3 Nxc3 18.Rxc3 Nd3 19.Rxd3 exd3 20.Qg4 Bf6 21.Nb5 Qe7 22.Ba3
c5 23.Nd4 b6 24.f4 Qb7 25.Qf3 Qa6 {#R} 0-1

[Event "Ch SCG (team) (First League) (w)"]
[Site "masterchessopen.com - Vrnjacka Banja (Serbia)"]
[Date "2005.10.27"]
[Round "11"]
[White "Savic Miroslav (CRO)"]
[Black "Kizova Sava (SRB)"]
[Result "1-0"]
[WhiteElo "2254"]
[BlackElo "2122"]

1.Nf3 d5 2.c4 c6 3.b3 Bg4 4.Bb2 Nd7 5.d4 e6 6.Nbd2 Ngf6 7.g3 Bxf3 8.exf3 Be7
9.Bg2 O-O 10.O-O a5 11.a3 Qb8 12.Re1 Rd8 13.f4 Bf8 14.Qc2 dxc4 15.bxc4 Qa7
16.Rad1 c5 17.d5 exd5 18.cxd5 b5 19.Ne4 Nxe4 20.Bxe4 h6 21.d6 Rac8 22.Bh7+ Kh8
23.Qf5 Nb6 24.Re7 Rd7 25.Qxf7 Rxe7 26.Qg8# 1-0

[Event "Czech League 2005/06 (2nd) (a)"]
[Site "masterchessopen.com - Czech Republic"]
[Date "2006.02.12"]
[Round "7"]
[White "Simecek Alexej (CZE)"]
[Black "Erban Tomas (CZE)"]
[Result "0-1"]
[WhiteElo "2165"]
[BlackElo "2194"]

1.Nf3 d5 2.c4 c6 3.b3 Bf5 4.e3 e6 5.Bb2 f6 6.Nd4 Nh6 7.Nxf5 Nxf5 8.Qg4 Qd7
9.Bd3 Nh6 10.Qh5+ Qf7 11.Qh3 Nd7 12.O-O Bd6 13.e4 dxe4 14.Bxe4 O-O-O 15.d4 f5
16.Bf3 Nf6 17.Nc3 Nhg4 18.Bxg4 Nxg4 19.g3 h5 20.Qg2 h4 21.h3 hxg3 22.hxg4 Rh2
23.Qf3 g2 24.Rfe1 Rdh8 25.Qe2 fxg4 26.f3 gxf3 {#R} 0-1

[Event "Ch France (team) (nat.2) 2005/06"]
[Site "masterchessopen.com - France"]
[Date "2006.03.11"]
[Round "8"]
[White "Lonet Stanislas"]
[Black "Lavasseur Philippe"]
[Result "1-0"]
[WhiteElo "2235"]
[BlackElo "2174"]

1.Nf3 d5 2.c4 c6 3.b3 Nf6 4.g3 Bf5 5.Bb2 e6 6.Bg2 Nbd7 7.O-O Bd6 8.d3 e5 9.e4
Bg4 10.exd5 cxd5 11.h3 Bxf3 12.Bxf3 O-O 13.Nc3 Nb6 14.Nxd5 Nbxd5 15.cxd5 Rc8
16.Rc1 Qa5 17.Rxc8 Rxc8 18.Qa1 Rc2 19.Rc1 Qd2 20.Rxc2 Qxc2 21.Bxe5 Qxd3 22.Bg2
Bc5 23.Bxf6 gxf6 24.Qxf6 Qxg3 25.b4 {#r} 1-0

[Event "Czech League 2005/06 (2nd) (e)"]
[Site "masterchessopen.com - Czech Republic"]
[Date "2006.03.26"]
[Round "10"]
[White "Botur Michal (CZE)"]
[Black "Stradej Vlastimil (CZE)"]
[Result "1-0"]
[WhiteElo "2029"]
[BlackElo "2138"]

1.Nf3 d5 2.c4 c6 3.b3 Nf6 4.Bb2 Bf5 5.g3 e6 6.Bg2 Nbd7 7.O-O Bd6 8.d3 O-O
9.Re1 h6 10.e4 Bb4 11.exf5 Bxe1 12.Nxe1 exf5 13.cxd5 Nxd5 14.Nf3 f4 15.Nbd2
fxg3 16.hxg3 N7b6 17.Nh4 Qd7 18.Qh5 Rfe8 19.Nf5 f6 20.Qg6 Kh8 21.Be4 Rxe4
22.dxe4 Ne7 23.Qxg7# 1-0

[Event "It (open)"]
[Site "masterchessopen.com - Usti nad Orlici (Czech Republic)"]
[Date "2006.05.04"]
[Round "7"]
[White "Dorjkhu Tuvsinbajar (CZE)"]
[Black "Bednar Marcel (CZE)"]
[Result "1-0"]
[WhiteElo "2058"]
[BlackElo "1924"]

1.Nf3 d5 2.c4 c6 3.b3 Nf6 4.Bb2 Bf5 5.d3 Nbd7 6.Nbd2 e6 7.g3 Be7 8.Bg2 Qb6
9.O-O O-O 10.Rc1 Rac8 11.Rc2 Rc7 12.Qa1 Bd6 13.Rfc1 Re8 14.Nh4 Bg4 15.cxd5
exd5 16.e4 dxe4 17.Nc4 Qc5 18.dxe4 Bf8 19.e5 Nh5 20.Ne3 Qb6 21.Nxg4 Bc5 22.Nf5
g6 23.Nfe3 Nxe5 24.Bxe5 Rce7 25.Rxc5 {#r} 1-0

[Event "It (open) (b)"]
[Site "masterchessopen.com - Cullera (Spain)"]
[Date "2006.07.26"]
[Round "6"]
[White "Moya Albadalejo Jose Antonio (ESP)"]
[Black "Gimenez Menchon Cesar (ESP)"]
[Result "1-0"]
[WhiteElo "1979"]
[BlackElo "1873"]

1.Nf3 d5 2.c4 c6 3.b3 Nf6 4.g3 Bf5 5.Bg2 e6 6.O-O Bd6 7.Bb2 Nbd7 8.d3 O-O
9.Nbd2 e5 10.Qc2 h6 11.Rac1 Re8 12.Qb1 e4 13.dxe4 Nxe4 14.Nxe4 Rxe4 15.Nh4
Rxh4 16.Qxf5 g6 17.Qd3 Rh5 18.cxd5 cxd5 19.Bxd5 Nc5 20.Qxg6+ Kf8 21.Qxf7# 1-0

[Event "Ch Wuerttemberg (b)"]
[Site "masterchessopen.com - Balingen (Germany)"]
[Date "2006.08.26"]
[Round "1"]
[White "Kolb Roland (GER)"]
[Black "Seyrich Jonathan (GER)"]
[Result "1-0"]
[WhiteElo "2102"]
[BlackElo "1902"]

1.Nf3 d5 2.c4 c6 3.b3 Nf6 4.Bb2 Bf5 5.d3 Nbd7 6.g3 e6 7.Bg2 Bd6 8.O-O O-O
9.Nbd2 Qe7 10.Rc1 dxc4 11.e4 Bg4 12.e5 Bb4 13.exf6 Qd6 14.Nxc4 Qd5 15.Ne3 Bxf3
16.Bxf3 Qb5 17.fxg7 Rfd8 18.Ng4 h5 19.Nh6+ Kh7 20.Nxf7 {#r} 1-0

[Event "Ch City (seniors) (under 80)"]
[Site "masterchessopen.com - St. Petersburg (Russia)"]
[Date "2006.12.09"]
[Round "7"]
[White "Glazov Anatoly (RUS)"]
[Black "Averjanov Sergey (RUS)"]
[Result "0-1"]
[WhiteElo "2028"]
[BlackElo "2098"]

1.Nf3 d5 2.c4 c6 3.b3 Bg4 4.e3 e6 5.Be2 Nd7 6.Bb2 Ngf6 7.O-O Bd6 8.d4 O-O
9.Ne5 Bxe2 10.Qxe2 Qe7 11.Nd2 Ne4 12.Nxe4 dxe4 13.f4 f6 14.Ng4 f5 15.Ne5 Nxe5
16.dxe5 Bc5 17.Rad1 Rfd8 18.Bd4 Bb4 19.g4 Rd7 20.gxf5 exf5 21.c5 Qe6 22.Qb2
Rad8 23.Rc1 b6 24.cxb6 c5 25.a3 cxd4 26.axb4 dxe3 27.Kh1 Rd2 28.Qc3 Qh6 {#R}
0-1

[Event "Ch Ukraine (juniors) (under 20) (1/2 final)"]
[Site "masterchessopen.com - Lvov (Ukraine)"]
[Date "2006.12.18"]
[Round "3"]
[White "Lots Stepan (UKR)"]
[Black "Sivuk Vitaly (UKR)"]
[Result "0-1"]
[WhiteElo "2346"]
[BlackElo "2203"]

1.c4 c6 2.Nf3 d5 3.b3 Bg4 4.Bb2 Bxf3 5.gxf3 Nf6 6.d4 e6 7.e3 Qa5+ 8.Qd2 Qxd2+
9.Nxd2 a5 10.a3 Nbd7 11.Bd3 g6 12.Ke2 Bg7 13.cxd5 Nxd5 14.Ne4 O-O 15.f4 c5
16.Bb5 cxd4 17.Bxd7 d3+ 18.Kxd3 Bxb2 19.Ra2 Bg7 {#R} 0-1

[Event "Czech League 2006/07 (1st) West"]
[Site "masterchessopen.com - Czech Republic"]
[Date "2007.02.18"]
[Round "8"]
[White "Freisler Pavel (CZE)"]
[Black "Vacek Martin (CZE)"]
[Result "0-1"]
[WhiteElo "2301"]
[BlackElo "2324"]

1.Nf3 d5 2.c4 c6 3.b3 Bg4 4.Ne5 Bh5 5.Bb2 Nf6 6.g3 Nbd7 7.f4 e6 8.Bg2 Bc5 9.d4
Bb4+ 10.Bc3 Be7 11.Nd2 Nxe5 12.fxe5 Ng4 13.Nf1 Nh6 14.Qd2 Bg5 15.e3 Nf5 16.Qf2
O-O 17.h4 Be7 18.e4 dxe4 19.Bxe4 Nh6 20.Qc2 f5 21.exf6 Bxf6 22.Bxh7+ Kh8
23.Bg6 Bf3 24.Rh2 Bxd4 25.Rd2 e5 26.Nh2 Qf6 27.h5 Qg5 28.Bxd4 exd4 29.Nxf3
Qxg3+ {#R} 0-1